| 000 | 00959nam a22002897i 4500 | ||
|---|---|---|---|
| 003 | EG-GICUC | ||
| 005 | 20260121101733.0 | ||
| 008 | 260118s1910 fr ||||fr|||| 00| 0 fre d | ||
| 040 |
_aEG-GiCUC _bfre _cEG-GiCUC _dEG-GiCUC _eRda |
||
| 041 | _afre | ||
| 082 | 0 | 4 |
_221 _a341.33 _bMO . M |
| 092 | 0 | 4 | _221 |
| 099 | _aLaw1 11 341.33 MO . M 3 ed - 1910 | ||
| 100 | 1 |
_aMonnet, R. _eAuteur |
|
| 245 | 1 | 0 |
_aManuel Diplomatique Et Consulaire : _bAide-mémoire Pratique Des Chancelleries / _cpar R. Monnet |
| 250 | _aTroisième Édition | ||
| 264 | 1 |
_aParis : _bBerger-Levrault & cie, _c1910 |
|
| 300 |
_aviii, 730 pages ; _c 24 cm. |
||
| 336 |
_2rda contenu _a texte |
||
| 337 |
_2rda medias _aOrdinateur |
||
| 338 |
_2 transporteur rda _a Ressource en ligne |
||
| 546 | _aTexte en français | ||
| 650 | 1 | 4 |
_aDiplomatie _xDroit international public |
| 856 | 4 | 0 | _uhttps://fll.law.cu.edu.eg/fulltext/bks/B11-06892.pdf |
| 905 | _a75 | ||
| 942 |
_2ddc _cBK _e21 _n0 |
||
| 999 |
_c57385 _d57385 |
||